| Tag |
First Indicator |
Second Indicator |
Subfields |
| LEADER |
00000cam a2200000 a 4500 |
| 001 |
in00001367821 |
| 005 |
20151006083355.0 |
| 007 |
hd afa014baca |
| 008 |
950620s1978 dcu ab f000 0 eng d |
| 035 |
|
|
|a (OCoLC)32677796
|
| 035 |
|
|
|9 AHJ4865AM
|
| 040 |
|
|
|a HDB
|c HDB
|d UtOrBLW
|
| 049 |
|
|
|a TXAI
|
| 090 |
|
|
|a JK1108
|b .M35 Suppl. 1976-78 reel 8, fr. 1059
|
| 099 |
|
|
|a film
|a S
|a 1707
|a 1976-78, reel 8, fr. 1059.
|
| 100 |
1 |
|
|a Sutter, Robert G.
|
| 245 |
1 |
0 |
|a Human rights in China /
|c Robert G. Sutter, analyst in Asian Affairs.
|
| 264 |
|
1 |
|a [Washington, DC] :
|b Library of Congress, Congressional Research Service,
|c 1978.
|
| 300 |
|
|
|a 56 pages ;
|c 28 cm.
|
| 336 |
|
|
|a text
|b txt
|2 rdacontent
|
| 337 |
|
|
|a microform
|b h
|2 rdamedia
|
| 338 |
|
|
|a microfilm reel
|b hd
|2 rdacarrier
|
| 500 |
|
|
|a Cover title.
|
| 500 |
|
|
|a "February 28, 1978."
|
| 500 |
|
|
|a "78-50 F."
|
| 500 |
|
|
|a "Foreign Affairs and National Defense Division."
|
| 504 |
|
|
|a Includes bibliographical references.
|
| 533 |
|
|
|a Microfilm.
|b Arlington, VA :
|c University Publications of America,
|d 1978.
|e on 1 microfilm reel ; 35 mm. Low reduction.
|f (Major studies and issue briefs of the Congressional Research Service. 1976-78 supplement ; reel 8, fr. 1059).
|
| 500 |
|
|
|a Microform.
|
| 650 |
|
0 |
|a Human rights
|z China.
|
| 710 |
2 |
|
|a Library of Congress.
|b Congressional Research Service.
|
| 830 |
|
0 |
|a Major studies and issue briefs of the Congressional Research Service.
|p Supplement ;
|v 1976-78, reel 8, fr. 1059.
|
| 999 |
|
|
|a MARS
|
| 999 |
f |
f |
|s 4425f9dc-e447-318e-8882-441e146b6684
|i bf6cc69c-8135-3884-bd7b-12d9aa245f72
|t 0
|
| 952 |
f |
f |
|p default
|a Texas A&M University
|b College Station
|c Sterling C. Evans Library
|d Evans: Microforms (3rd floor)
|t 0
|e film S 1707 1976-78, reel 8, fr. 1059.
|h Other scheme
|i microform -- microfilm reel
|
| 998 |
f |
f |
|a film S 1707 1976-78, reel 8, fr. 1059.
|t 0
|l Evans: Microforms (3rd floor)
|